[Event "Mecklenburg VP LL2 West 2122"]
[Site "Mecklenburg VP"]
[Date "2022.05.01"]
[Round "9.4"]
[White "Reznik, Leonid"]
[Black "Knoop, Sascha"]
[Result "1-0"]
[WhiteElo "1994"]
[BlackElo "1830"]
[PlyCount "61"]
[EventDate "2021.10.24"]
[EventType "team-tourn"]
[EventRounds "9"]
[EventCountry "GER"]
[SourceTitle "EXT 2024"]
[Source "ChessBase"]
[SourceDate "2023.10.10"]
[SourceVersion "1"]
[SourceVersionDate "2023.10.10"]
[SourceQuality "1"]
[WhiteTeam "Rostock Makkabi"]
[BlackTeam "Mecklenburger Springer SC"]
[WhiteTeamCountry "GER"]
[BlackTeamCountry "GER"]

1. d4 d5 2. c4 dxc4 3. Nf3 Nf6 4. e3 e6 5. Bxc4 a6 6. Nc3 b5 7. Bd3 Bb7 8. a3 c5 9. 0-0 Nbd7 10. Qe2 Be7 11. Rd1 Qb6 12. dxc5 Nxc5 13. Bc2 0-0 14. e4 Rfd8 15. Bg5 h6 16. Bh4 Kf8 17. h3 Rxd1+ 18. Rxd1 Rd8 19. Nd4 g5 20. Bg3 Ncxe4 21. Nxe4 Rxd4 22. Nxf6 Rxd1+ 23. Qxd1 Bxf6 24. b4 Qc6 25. f3 Qd5 26. Qe2 Qd4+ 27. Kh2 Qc3 28. Qd1 Qxa3 29. Qd7 Bd5 30. Bd6+ Kg7 31. Qe8 1-0

[Event "Mecklenburg VP LL2 Ost 1819"]
[Site "Mecklenburg VP"]
[Date "2019.01.20"]
[Round "5.3"]
[White "Rossmann, Andreas"]
[Black "Reznik, Leonid"]
[Result "1-0"]
[WhiteElo "1920"]
[BlackElo "1879"]
[PlyCount "81"]
[EventDate "2018.10.21"]
[EventType "team-tourn"]
[EventRounds "9"]
[EventCountry "GER"]
[SourceTitle "EXT 2022"]
[Source "ChessBase"]
[SourceDate "2021.10.06"]
[SourceVersion "1"]
[SourceVersionDate "2021.10.06"]
[SourceQuality "1"]
[WhiteTeam "Neubrandenburg SG Eintracht"]
[BlackTeam "Rostock Makkabi"]
[WhiteTeamCountry "GER"]
[BlackTeamCountry "GER"]

1. Nf3 Nf6 2. g3 g6 3. Bg2 Bg7 4. 0-0 d6 5. d4 0-0 6. c4 Nbd7 7. Nc3 e5 8. e3 Nh5 9. dxe5 Nxe5 10. Nxe5 Bxe5 11. Bf3 Ng7 12. Qb3 Ne6 13. Bg2 Nc5 14. Qc2 a5 15. e4 a4 16. Be3 b6 17. Rfd1 Bd7 18. f4 Bg7 19. Rd2 a3 20. b3 Bc6 21. Bd4 f6 22. Re1 Qd7 23. Nd5 Bxd5 24. cxd5 Rfe8 25. Rde2 Na6 26. Qc3 Qf7 27. Qc4 Nc5 28. Bh3 Kh8 29. b4 Na6 30. Be6 Qe7 31. e5 fxe5 32. fxe5 dxe5 33. Bc3 Rf8 34. Bh3 Qd6 35. Rxe5 b5 36. Qb3 Qb6+ 37. Kh1 Bxe5 38. Bxe5+ Rf6 39. d6 Raf8 40. Qc3 Kg7 41. Rf1 1-0

[Event "Rostock SSC op 13th"]
[Site "Rostock"]
[Date "2014.07.24"]
[Round "3"]
[White "Reznik, Leonid"]
[Black "Uffelmann, Hans Georg"]
[Result "1-0"]
[WhiteElo "1931"]
[BlackElo "2035"]
[PlyCount "67"]
[EventDate "2014.07.23"]
[EventType "swiss"]
[EventRounds "7"]
[EventCountry "GER"]
[SourceTitle "EXT 2018"]
[Source "ChessBase"]
[SourceDate "2017.10.13"]
[SourceVersion "1"]
[SourceVersionDate "2017.10.13"]
[SourceQuality "1"]

1. e4 c5 2. Nc3 a6 3. g3 b5 4. Bg2 Bb7 5. f4 e6 6. d3 Nf6 7. Nf3 Be7 8. e5 Nd5 9. Ne4 0-0 10. Qe2 Nc6 11. 0-0 f5 12. Nf2 Qe8 13. c4 Nc7 14. Be3 Rb8 15. b3 h6 16. Rac1 b4 17. Rfd1 g5 18. fxg5 hxg5 19. Bxg5 Nd4 20. Qe3 Qh5 21. Bxe7 f4 22. gxf4 Bxf3 23. Bxf3 Nxf3+ 24. Kg2 Nd4 25. Bxf8 Kxf8 26. Ne4 Ke7 27. Nf6 Qf7 28. Rd2 Rh8 29. Kh1 Ne8 30. Nxe8 Kxe8 31. Rg2 Qh7 32. Qg3 Kd8 33. Qg6 Qh4 34. Qg5+ 1-0

[Event "Mecklenburg VP LL2 West 0910"]
[Site "Mecklenburg VP"]
[Date "2010.04.11"]
[Round "9.5"]
[White "Krischewski, Peter"]
[Black "Reznik, Leonid"]
[Result "0-1"]
[WhiteElo "1479"]
[BlackElo "1849"]
[PlyCount "52"]
[EventDate "2009.10.18"]
[EventType "team-tourn"]
[EventRounds "9"]
[EventCountry "GER"]
[SourceTitle "EXT 2016"]
[Source "ChessBase"]
[SourceDate "2015.10.08"]
[SourceVersion "1"]
[SourceVersionDate "2015.10.08"]
[SourceQuality "1"]
[WhiteTeam "Wismar ASV Gruen-Weiss II"]
[BlackTeam "Neukloster IV"]
[WhiteTeamCountry "GER"]
[BlackTeamCountry "GER"]

1. e4 d6 2. Nc3 Nf6 3. Nf3 g6 4. d4 Bg7 5. Be2 0-0 6. 0-0 Nbd7 7. e5 dxe5 8. dxe5 Ng4 9. e6 fxe6 10. Ng5 Nge5 11. Nxe6 Qe8 12. Nxf8 Qxf8 13. Qd5+ Kh8 14. f4 Nc6 15. Ne4 Nb6 16. Qg5 Bf5 17. Bd3 Rd8 18. Be3 Nd5 19. Bc1 Ncb4 20. Kh1 Nxd3 21. cxd3 Nb4 22. g4 Bd7 23. f5 Nxd3 24. f6 exf6 25. Nxf6 h6 26. Qxg6 Bc6+ 0-1

[Event "Mecklenburg VP LL2 West 0910"]
[Site "Mecklenburg VP"]
[Date "2010.03.21"]
[Round "8.3"]
[White "Reznik, Leonid"]
[Black "Schartmann, Daniel"]
[Result "1-0"]
[WhiteElo "1849"]
[BlackElo "1493"]
[PlyCount "57"]
[EventDate "2009.10.18"]
[EventType "team-tourn"]
[EventRounds "9"]
[EventCountry "GER"]
[SourceTitle "EXT 2016"]
[Source "ChessBase"]
[SourceDate "2015.10.08"]
[SourceVersion "1"]
[SourceVersionDate "2015.10.08"]
[SourceQuality "1"]
[WhiteTeam "Neukloster IV"]
[BlackTeam "Ludwigslust Post SV II"]
[WhiteTeamCountry "GER"]
[BlackTeamCountry "GER"]

1. e4 e6 2. Qe2 Be7 3. g3 d5 4. d3 Nc6 5. Nf3 b6 6. Bg2 Ba6 7. exd5 Qxd5 8. 0-0 Bb7 9. Nc3 Qh5 10. h3 Bd6 11. g4 Qc5 12. Ne4 Qb5 13. c4 Qa6 14. a3 Nf6 15. Nxf6+ gxf6 16. Bh6 Ne5 17. Bg7 Rg8 18. Bxf6 Nxf3+ 19. Bxf3 Bxf3 20. Qxf3 Kd7 21. b4 Raf8 22. b5 Qa4 23. Qc6+ Kc8 24. d4 Rg6 25. c5 bxc5 26. dxc5 Bxc5 27. Qa8+ Kd7 28. Rfd1+ Bd6 29. Rxd6+ 1-0

[Event "Mecklenburg VP-ch MT"]
[Site "Nakenstorf"]
[Date "2006.04.16"]
[Round "8.12"]
[White "Reznik, Leonid"]
[Black "Bahr, Enrico"]
[Result "1/2-1/2"]
[WhiteElo "1842"]
[BlackElo "2027"]
[PlyCount "26"]
[EventDate "2006.04.13"]
[EventType "swiss"]
[EventRounds "9"]
[EventCountry "GER"]
[SourceTitle "EXT 2022"]
[Source "ChessBase"]
[SourceDate "2021.10.06"]
[SourceVersion "1"]
[SourceVersionDate "2021.10.06"]
[SourceQuality "1"]

1. e4 d5 2. exd5 Qxd5 3. Nc3 Qa5 4. d4 c6 5. Nf3 Nf6 6. Bc4 Bf5 7. Bd2 e6 8. Ne5 Qb6 9. Ne2 Bd6 10. 0-0 0-0 11. Bb3 Rd8 12. Nc4 Qc7 13. Nxd6 Qxd6 1/2-1/2

[Event "Mecklenburg VP-ch MT"]
[Site "Nakenstorf"]
[Date "2006.04.15"]
[Round "6.9"]
[White "Reznik, Leonid"]
[Black "Dettmann, Holger"]
[Result "0-1"]
[WhiteElo "1842"]
[BlackElo "1960"]
[PlyCount "92"]
[EventDate "2006.04.13"]
[EventType "swiss"]
[EventRounds "9"]
[EventCountry "GER"]
[SourceTitle "EXT 2022"]
[Source "ChessBase"]
[SourceDate "2021.10.06"]
[SourceVersion "1"]
[SourceVersionDate "2021.10.06"]
[SourceQuality "1"]

1. e4 b6 2. d4 Bb7 3. Nc3 e6 4. Be3 d5 5. exd5 exd5 6. Nf3 Nf6 7. Be2 Bb4 8. 0-0 Bxc3 9. bxc3 Ne4 10. Bd2 Nd7 11. Re1 0-0 12. h3 Qf6 13. Bf1 Rae8 14. Re2 Ba6 15. Re3 Bxf1 16. Qxf1 Nxd2 17. Nxd2 Rxe3 18. fxe3 Re8 19. Qxf6 Nxf6 20. Kf2 Re6 21. Ke2 Nh5 22. c4 f5 23. Kd3 f4 24. e4 dxe4+ 25. Nxe4 Rg6 26. Rg1 f3 27. g4 Nf4+ 28. Ke3 Nxh3 29. Rg3 f2 30. Nxf2 Re6+ 31. Ne4 Ng5 32. Kf4 Nxe4 33. Re3 Ng5 34. Ra3 h6 35. Rxa7 Re2 36. Kf5 Rf2+ 37. Ke5 Rxc2 38. Rxc7 Rxa2 39. d5 Nf7+ 40. Ke6 Re2+ 41. Kd7 Ne5+ 42. Kc8 Re4 43. d6 Rxc4 44. Rxc4 Nxc4 45. d7 Nd6+ 46. Kc7 Nf7 0-1

[Event "Mecklenburg VP LL2 West 0405"]
[Site "Mecklenburg VP"]
[Date "2005.02.13"]
[Round "6.6"]
[White "Reznik, Leonid"]
[Black "Koehn, Dagmar"]
[Result "1-0"]
[WhiteElo "1822"]
[BlackElo "1823"]
[PlyCount "57"]
[EventDate "2004.10.24"]
[EventType "team-tourn"]
[EventRounds "9"]
[EventCountry "GER"]
[SourceTitle "EXT 2016"]
[Source "ChessBase"]
[SourceDate "2015.10.08"]
[SourceVersion "1"]
[SourceVersionDate "2015.10.08"]
[SourceQuality "1"]
[WhiteTeam "Neukloster"]
[BlackTeam "Malchow Schachinsel"]
[WhiteTeamCountry "GER"]
[BlackTeamCountry "GER"]

1. e4 e5 2. d4 exd4 3. Qxd4 Nc6 4. Qe3 d6 5. Nc3 Nf6 6. Bd2 Be6 7. 0-0-0 Ng4 8. Qe1 Nge5 9. Nd5 Ne7 10. Bc3 f6 11. f4 Nf7 12. Nf3 Qd7 13. Qe3 h5 14. h3 Rg8 15. Rg1 Nh6 16. Be2 Bxd5 17. exd5 Nhf5 18. Qf2 g5 19. g4 hxg4 20. hxg4 Nh6 21. f5 Bg7 22. Bc4 Nf7 23. Nd4 a6 24. Ne6 Ne5 25. Be2 Nc8 26. Rh1 Nb6 27. Rh7 Qf7 28. Bxe5 dxe5 29. d6 1-0

[Event "Mecklenburg VP LL2 West 0304"]
[Site "Mecklenburg VP"]
[Date "2004.03.28"]
[Round "8.2"]
[White "Feige, Rene"]
[Black "Reznik, Leonid"]
[Result "0-1"]
[WhiteElo "1796"]
[BlackElo "1872"]
[PlyCount "60"]
[EventDate "2003.09.28"]
[EventType "team-tourn"]
[EventRounds "9"]
[EventCountry "GER"]
[SourceTitle "EXT 2022"]
[Source "ChessBase"]
[SourceDate "2021.10.06"]
[SourceVersion "1"]
[SourceVersionDate "2021.10.06"]
[SourceQuality "1"]
[WhiteTeam "Schwerin SV Einheit II"]
[BlackTeam "Rostock HSG Uni II"]
[WhiteTeamCountry "GER"]
[BlackTeamCountry "GER"]

1. Nf3 Nf6 2. g3 d6 3. d4 g6 4. Bg2 Bg7 5. c4 Nbd7 6. Nc3 0-0 7. 0-0 c6 8. e4 e5 9. Re1 a6 10. a4 Rb8 11. d5 cxd5 12. cxd5 b5 13. axb5 axb5 14. b4 Ne8 15. Ra5 Nb6 16. Qd3 Nc7 17. Bg5 f6 18. Be3 f5 19. Bxb6 Rxb6 20. Qe3 Rb8 21. Qa7 Bd7 22. Rc1 Bh6 23. Rc2 fxe4 24. Nxe4 Nxd5 25. Rb2 Bg4 26. Ne1 Nc7 27. Rc2 Ne6 28. Qa6 Nd4 29. Rb2 Rb6 30. Qa7 Nc6 0-1

[Event "Mecklenburg VP LL2 West 0203"]
[Site "Mecklenburg VP"]
[Date "2003.02.09"]
[Round "6.3"]
[White "Reznik, Leonid"]
[Black "Kross, Gunnar"]
[Result "1/2-1/2"]
[WhiteElo "1850"]
[BlackElo "2057"]
[PlyCount "76"]
[EventDate "2002.10.20"]
[EventType "team-tourn"]
[EventRounds "9"]
[EventCountry "GER"]
[SourceTitle "EXT 2022"]
[Source "ChessBase"]
[SourceDate "2021.10.06"]
[SourceVersion "1"]
[SourceVersionDate "2021.10.06"]
[SourceQuality "1"]
[WhiteTeam "Rostock HSG Uni II"]
[BlackTeam "Neukloster"]
[WhiteTeamCountry "GER"]
[BlackTeamCountry "GER"]

1. e4 c6 2. d4 d5 3. e5 Bf5 4. g4 Be4 5. f3 Bg6 6. Ne2 e6 7. h4 h6 8. Ng3 Be7 9. h5 Bh7 10. Bd3 Bxd3 11. Qxd3 c5 12. c3 Nc6 13. Be3 Qb6 14. Nd2 c4 15. Qc2 Nxe5 16. 0-0-0 Nd3+ 17. Kb1 Nf6 18. Ne2 a5 19. Nc1 Nxc1 20. Rxc1 a4 21. Rcg1 Ra5 22. Ka1 Qc7 23. f4 b5 24. f5 Ra6 25. g5 hxg5 26. Rxg5 Bf8 27. Nf3 Ne4 28. fxe6 Nxg5 29. Nxg5 Rxe6 30. Nxe6 fxe6 31. Rf1 Qg3 32. Qe2 Qh3 33. Qf2 Qxh5 34. Qf4 Qf5 35. Qb8+ Ke7 36. Qc7+ Ke8 37. Qc8+ Ke7 38. Qc7+ Ke8 1/2-1/2

[Event "Mecklenburg VP LL2 West 0102"]
[Site "Mecklenburg VP"]
[Date "2002.04.28"]
[Round "9.2"]
[White "Ramm, Joachim"]
[Black "Reznik, Leonid"]
[Result "1-0"]
[WhiteElo "1729"]
[BlackElo "1771"]
[PlyCount "130"]
[EventDate "2001.10.07"]
[EventType "team-tourn"]
[EventRounds "9"]
[EventCountry "GER"]
[SourceTitle "EXT 2022"]
[Source "ChessBase"]
[SourceDate "2021.10.06"]
[SourceVersion "1"]
[SourceVersionDate "2021.10.06"]
[SourceQuality "1"]
[WhiteTeam "Parchim SV Blau-Weiss 69"]
[BlackTeam "Rostock HSG Uni II"]
[WhiteTeamCountry "GER"]
[BlackTeamCountry "GER"]

1. e4 d6 2. d4 Nf6 3. Nc3 c6 4. Bd3 g6 5. Nf3 Bg7 6. 0-0 0-0 7. Ne2 Qc7 8. Bf4 Nbd7 9. e5 dxe5 10. Nxe5 Nh5 11. Nxg6 Nxf4 12. Ngxf4 Nf6 13. Re1 Bh6 14. g3 Bg4 15. h3 Bf3 16. Qd2 Kh8 17. Qe3 Bxe2 18. Rxe2 Bxf4 19. Qxf4 Qxf4 20. gxf4 Rg8+ 21. Kh2 Nd5 22. Rg1 Rxg1 23. Kxg1 Kg7 24. f5 Kf6 25. Re5 Nb4 26. Be4 Nxa2 27. c3 Nc1 28. Bc2 c5 29. Re1 cxd4 30. Rxc1 dxc3 31. bxc3 Rc8 32. Be4 b6 33. Kf1 Ke5 34. f3 h5 35. Ke2 Kf4 36. Kd2 Rg8 37. Rh1 Rg2+ 38. Kd3 Rb2 39. c4 Rb3+ 40. Kc2 Rb4 41. Kc3 Ra4 42. Kb3 Ra5 43. Rg1 f6 44. Rg7 Re5 45. Rg8 b5 46. cxb5 Rxb5+ 47. Kc4 Re5 48. Kd4 a5 49. Kd3 a4 50. Ra8 Kg3 51. Rxa4 Kxh3 52. Ra7 Kg3 53. Ke3 Rb5 54. Rxe7 Rb3+ 55. Bd3 h4 56. Rg7+ Kh2 57. Rg6 Rb6 58. Kf4 h3 59. Be4 Kh1 60. Kg3 h2 61. Rh6 Rb2 62. Rxf6 Rb4 63. Rh6 Rb2 64. f6 Rb5 65. f7 Rf5 1-0

[Event "Mecklenburg VP LL2 West 0102"]
[Site "Mecklenburg VP"]
[Date "2002.02.24"]
[Round "6.5"]
[White "Peschke, Wolfgang"]
[Black "Reznik, Leonid"]
[Result "1/2-1/2"]
[WhiteElo "1719"]
[BlackElo "1771"]
[PlyCount "71"]
[EventDate "2001.10.07"]
[EventType "team-tourn"]
[EventRounds "9"]
[EventCountry "GER"]
[SourceTitle "EXT 2022"]
[Source "ChessBase"]
[SourceDate "2021.10.06"]
[SourceVersion "1"]
[SourceVersionDate "2021.10.06"]
[SourceQuality "1"]
[WhiteTeam "Schwerin SF III"]
[BlackTeam "Rostock HSG Uni II"]
[WhiteTeamCountry "GER"]
[BlackTeamCountry "GER"]

1. d4 Nf6 2. c4 g6 3. Nc3 Bg7 4. e4 d6 5. Be2 Nbd7 6. Nf3 e5 7. d5 0-0 8. h3 Nc5 9. Nd2 a5 10. Qc2 Ne8 11. Nb3 b6 12. Nxc5 bxc5 13. Be3 f5 14. f3 Nf6 15. g4 f4 16. Bf2 Bd7 17. 0-0 g5 18. Kg2 Qe8 19. a4 h5 20. Nb5 Qc8 21. Be1 Kf7 22. Bc3 Rh8 23. Rh1 Rh6 24. Qd2 Bxb5 25. axb5 a4 26. Qd1 Nd7 27. Rxa4 Rxa4 28. Qxa4 hxg4 29. hxg4 Rxh1 30. Kxh1 Qh8+ 31. Kg2 Bf6 32. Qa7 Bd8 33. Ba5 Qh4 34. Bxc7 Qe1 35. Bxd8 Qxe2+ 36. Kg1 1/2-1/2

[Event "Mecklenburg VP LL 0102"]
[Site "Mecklenburg VP"]
[Date "2002.??.??"]
[Round "4.8"]
[White "Reznik, Leonid"]
[Black "Trapp, Klaus"]
[Result "1-0"]
[WhiteElo "1771"]
[BlackElo "1515"]
[PlyCount "81"]
[EventDate "2001.10.07"]
[EventType "team-tourn"]
[EventRounds "9"]
[EventCountry "GER"]
[SourceTitle "EXT 2022"]
[Source "ChessBase"]
[SourceDate "2021.10.06"]
[SourceVersion "1"]
[SourceVersionDate "2021.10.06"]
[SourceQuality "1"]
[WhiteTeam "Rostock HSG Uni"]
[BlackTeam "Torgelow Greif"]
[WhiteTeamCountry "GER"]
[BlackTeamCountry "GER"]

1. d4 Nf6 2. c4 e6 3. Nc3 Bb4 4. Qc2 Nc6 5. Nf3 h6 6. e3 d6 7. a3 Bxc3+ 8. Qxc3 0-0 9. b4 a6 10. Bb2 d5 11. Be2 Bd7 12. 0-0 Ne7 13. Ne5 c6 14. Rac1 Rc8 15. f3 Be8 16. Bd3 Nd7 17. Bb1 Nf6 18. e4 Ng6 19. Nxg6 fxg6 20. e5 Nh5 21. g3 Qg5 22. Rc2 Nxg3 23. hxg3 Qxg3+ 24. Rg2 Qh4 25. Bxg6 Bxg6 26. Rxg6 Rf5 27. Bc1 Kh7 28. Rg2 Rcf8 29. cxd5 exd5 30. f4 Kh8 31. Rh2 Qg4+ 32. Kh1 Rh5 33. Rxh5 Qxh5+ 34. Kg2 Qg4+ 35. Qg3 Qe2+ 36. Rf2 Qe4+ 37. Kh2 Qxd4 38. Rg2 Rg8 39. f5 Qd1 40. Bf4 Qh5+ 41. Qh3 1-0